Statistics for Video Game Fill the Gap

Click here to take the quiz!

General Stats

  • This quiz has been taken 30 times
  • The average score is 13 of 15

Answer Stats

HintAnswer% Correct
F__A 22FIFA 22
100%
M__io K__tMario Kart
100%
_up_r M__i_ Br_sSuper Mario Bros
100%
Pa_ M_nPac Man
96%
_o_ic 2Sonic 2
93%
An_m_l Cr_s_in_Animal Crossing
89%
Mi_e__af_Minecraft
89%
Sp_c_ In__d_rsSpace Invaders
89%
Su_e_ Ma_i_ Od_s__ySuper Mario Odyssey
89%
F_rz_ H_ri_onForza Horizon
86%
M_dd_n 23Madden 23
86%
G_a_ Tu_i_moGran Turismo
71%
T__r_sTetris
71%
_oc_e_ Le_g_eRocket League
57%
As__a_t 8Asphalt 8
50%

Score Distribution

Percentile by Number Answered

Percent of People with Each Score

Your Score History

You have not taken this quiz